000 00669nam a2200229Ia 4500
003 OSt
005 20221006164225.0
006 a|||||r|||| 00| 0
007 ta
008 221006b |||||||| |||| 00| 0 hin d
024 _a5,354
037 _cTextual
040 _aFML
_cFML
_bhin
041 _2hin
_ahin
082 _aV2 'J40<---D750, M5.1
100 _aVerma Harishchandra Au.
_9676882
245 0 _aMadhyakaleen Bharat Bhaag - 1
260 _aNew Delhi
_bHindi Madhyam Evam Karyanvayan Nideshalaya India
_c1985
300 _a603
_ccm.
942 _hV2 'J40<---D750, M5.1
_cTEXL
_2CC
999 _c1116566
_d1116566